[Event "Madrid-ch Superveteranos +65 2019"]
[Site "Madrid ESP"]
[Date "2019.01.29"]
[Round "7.13"]
[White "Martin Rodriguez, Jose Luis"]
[Black "De Juan Rivas, Antonio"]
[Result "1/2-1/2"]
[WhiteElo "1285"]
[BlackElo "1560"]
[PlyCount "52"]
[EventDate "2019.01.21"]
[EventType "swiss"]
[EventRounds "7"]
[EventCountry "ESP"]
[SourceTitle "Ajedrez en Madrid"]
[Source "lmi"]
[SourceDate "2019.01.21"]
[SourceVersion "1"]
[SourceVersionDate "2019.01.30"]
[SourceQuality "1"]

1. c4 Nf6 2. Nc3 g6 3. Nf3 Bg7 4. g3 O-O 5. Bg2 Nc6 6. O-O d6 7. d4 Bf5 8. a3
e5 9. dxe5 dxe5 10. Bg5 Qc8 11. Bxf6 Bxf6 12. e4 Bg4 13. Qc2 Bxf3 14. Bxf3 Nd4
15. Qd1 c6 16. Bg2 Rd8 17. Qa4 a6 18. c5 Nb5 19. Qc2 Qe6 20. Nxb5 axb5 21. Rad1
Ra4 22. Rxd8+ Bxd8 23. Rd1 Be7 24. Bf1 Rd4 25. Rxd4 exd4 26. Bd3 Qe5 1/2-1/2

[Event "Madrid-ch Superveteranos +65 2019"]
[Site "Madrid ESP"]
[Date "2019.01.29"]
[Round "7.14"]
[White "Sanchez Lucena, Juan"]
[Black "Perales Hernandez, Manuel"]
[Result "0-1"]
[WhiteElo "1454"]
[BlackElo "1333"]
[PlyCount "66"]
[EventDate "2019.01.21"]
[EventType "swiss"]
[EventRounds "7"]
[EventCountry "ESP"]
[SourceTitle "Ajedrez en Madrid"]
[Source "lmi"]
[SourceDate "2019.01.21"]
[SourceVersion "1"]
[SourceVersionDate "2019.01.30"]
[SourceQuality "1"]

1. d4 Nf6 2. Nf3 e6 3. Bf4 c5 4. e3 Qb6 5. b3 Ne4 6. a3 Qa5+ 7. Nfd2 cxd4 8.
exd4 Nc6 9. Bd3 Nc3 10. Nc4 Nxd1+ 11. Nxa5 Nxa5 12. Kxd1 Nc6 13. Be3 Bd6 14. g3
O-O 15. Nd2 a6 16. Nc4 Bc7 17. Be4 d5 18. Bxh7+ Kxh7 19. Nd2 e5 20. c3 Bb6 21.
f3 Bc7 22. Kc2 Bf5+ 23. Kb2 Rae8 24. Rhe1 Re7 25. Bf2 Rfe8 26. g4 Bg6 27. h4
Kg8 28. h5 Bh7 29. Bh4 Re6 30. Bg3 Bb6 31. dxe5 Nxe5 32. Bxe5 Rxe5 33. Rxe5
Rxe5 0-1

[Event "Madrid-ch Superveteranos +65 2019"]
[Site "Madrid ESP"]
[Date "2019.01.29"]
[Round "7.15"]
[White "Diaz Begonte, Manuel"]
[Black "Lopez Oneto, Manuel"]
[Result "0-1"]
[WhiteElo "1552"]
[BlackElo "1563"]
[PlyCount "48"]
[EventDate "2019.01.21"]
[EventType "swiss"]
[EventRounds "7"]
[EventCountry "ESP"]
[SourceTitle "Ajedrez en Madrid"]
[Source "lmi"]
[SourceDate "2019.01.21"]
[SourceVersion "1"]
[SourceVersionDate "2019.01.30"]
[SourceQuality "1"]

1. e4 c5 2. d4 cxd4 3. c3 dxc3 4. Nxc3 a6 5. Nf3 e6 6. Bf4 d6 7. Bc4 Nc6 8. O-O
Be7 9. Qe2 g5 10. Be3 g4 11. Nd4 Ne5 12. Bb3 h5 13. f4 gxf3 14. Nxf3 Ng4 15.
Bd4 Rh7 16. Rad1 Bd7 17. e5 d5 18. h3 N4h6 19. Bc2 Rg7 20. Nxd5 Bb5 21. Bd3
Qxd5 22. Bxb5+ Qxb5 23. Qf2 Nf5 24. Bb6 Ngh6 0-1

[Event "Madrid-ch Superveteranos +65 2019"]
[Site "Madrid ESP"]
[Date "2019.01.29"]
[Round "7.16"]
[White "Antolin Palenzuela, Francisco J"]
[Black "Arroyo Fraile, Mario"]
[Result "1-0"]
[WhiteElo "1462"]
[BlackElo "1502"]
[PlyCount "63"]
[EventDate "2019.01.21"]
[EventType "swiss"]
[EventRounds "7"]
[EventCountry "ESP"]
[SourceTitle "Ajedrez en Madrid"]
[Source "lmi"]
[SourceDate "2019.01.21"]
[SourceVersion "1"]
[SourceVersionDate "2019.01.30"]
[SourceQuality "1"]

1. e4 e6 2. d4 d5 3. e5 c5 4. c3 Nc6 5. Nf3 f6 6. Bb5 Bd7 7. Bxc6 Bxc6 8. O-O
fxe5 9. Nxe5 Nf6 10. Bg5 Qc7 11. Bxf6 gxf6 12. Qh5+ Ke7 13. Qf7+ Kd8 14. Qxf6+
Qe7 15. Qxh8 Kc7 16. Nxc6 bxc6 17. Qe5+ Kb7 18. Nd2 Bg7 19. Qe3 cxd4 20. cxd4
Qf6 21. Nb3 Kc7 22. Qd3 e5 23. dxe5 Qxe5 24. Rfe1 Qf6 25. Re2 Rd8 26. Rae1 Rd7
27. Nc5 Rf7 28. Qa6 Kd6 29. Re6+ Kxc5 30. Rxf6 Rxf6 31. Qxa7+ Kd6 32. Qxg7 1-0